000 00273nam a2200121Ia 4500
005 20251222152043.0
008 251222s9999||||xx |||||||||||||| ||spa||
082 _a551/C76
245 0 _aReporte de Efectividad 2014:
250 _a1ra.ed.
264 _bCosude
942 _cLIB
999 _c26139
_d26139